000 00475nam a2200169Ia 4500
005 20250508160030.0
008 008 250505s9999 xx 000 0 eng d
037 _aBooks to be hide in OPAC
040 _aFEDL
_beng
_cFEDL
041 _aeng
_2eng
084 _a378.547 9, BOM/O
_qFEDL
245 0 _aAnnual report for the year 1942-43
245 0 _cUniversity Of Bombay
300 _a117p.
942 _cHB
_h378.547 9, BOM/O
999 _c1361227
_d1361227